Candidatos y electores : la popularidad de los líderes políticos y su impacto en el comportamiento electoral / Guillem Rico Camps la popularidad de los líderes políticos y su impacto en el comportamiento electoral / Guillem Rico Camps
ISBN:
84-699-8695-3
Descripción Física:
117 p. : il., taules, gràf. ; 20 cm
MARC
| LEADER | 00000nam a2200000Ia 4500 | ||
|---|---|---|---|
| 001 | 14382 | ||
| 008 | 160829s2002 xx 000 0 cat d | ||
| 020 | |a 84-699-8695-3 | ||
| 080 | |a M-4-217 | ||
| 100 | |a Rico Camps, Guillem |9 18887 | ||
| 245 | |a Candidatos y electores : |b la popularidad de los líderes políticos y su impacto en el comportamiento electoral / Guillem Rico Camps | ||
| 260 | |a Barcelona : |b Institut de Ciències Polítiques i Socials, |c 2002 | ||
| 300 | |a 117 p. : |b il., taules, gràf. ; |c 20 cm | ||
| 490 | |a Col·lecció grana. Premis memòria doctorat ; 4 | ||
| 590 | |a Notes, bibliografia | ||
| 650 | |a Candidatures |9 24216 | ||
| 650 | |a Líders polítics |9 24217 | ||
| 710 | 2 | |a Institut de Ciències Polítiques i Socials (Barcelona, Catalunya) |9 55871 | |
| 901 | |a Arxiu | ||
| 942 | |n 1 | ||
| 952 | |0 0 |1 0 |4 0 |6 M4217 |7 1 |9 43026 |a Arxiu |b Arxiu |d 2016-12-01 |l 0 |o M-4-217 |p 14382 |r 2016-12-01 00:00:00 |w 2016-12-01 |y ARXIU | ||
| 999 | |c 45569 |d 45569 | ||